Statistics for Margot Robbie Filmography

Click here to take the quiz!

General Stats

  • This quiz has been taken 369 times
    (207 since last reset)
  • The average score is 16 of 43

Answer Stats

TypeFYearName% Correct
Film2023Barbie
89%
Film2013The Wolf of Wall Street
87%
Film2021The Suicide Squad
81%
Film2016Suicide Squad
79%
Film2017I, Tonya
73%
Film2019Once Upon a Time in Hollywood
69%
Film2020Birds of Prey (and the Fantabulous Emancipation of One Harley Quinn)
67%
Film2022Babylon
64%
Film2015Focus
57%
Film2019Bombshell
54%
Film2022Amsterdam
50%
TV Show2008-2011, 2022Neighbours
46%
Film2018Mary Queen of Scots
44%
Film2015The Big Short
39%
Film2016The Legend of Tarzan
39%
Film2018Peter Rabbit
38%
Film2023Asteroid City
37%
Film2013About Time
35%
Film2018Terminal
35%
Film2021Peter Rabbit 2: The Runaway
33%
TV Show2016Saturday Night Live
33%
Film2017Goodbye Christopher Robin
32%
TV Show2011-2012Pan Am
31%
Film2019Dreamland
30%
Film2016Whiskey Tango Foxtrot
29%
Film2015Z for Zachariah
28%
Film2009I.C.U.
27%
Film2008Vigilante
26%
Film2015Suite Française
24%
Commercial2019-2020Chanel
22%
Web Series2019Dollface
20%
Short Film2016Australian Psycho
19%
Short Film2018Flopsy Turvy
18%
TV Show2015Top Gear
18%
Short Film2018Tourism Australia: Dundee - The Son of a Legend Returns Home
18%
TV Show2009The Elephant Princess
17%
Short Film2020Boss B***h Fight Challenge
16%
Commercial2016-2017Calvin Klein
16%
TV Show2008City Homicide
15%
Documentary2022Under Cover
15%
Video Game2014Family Guy: The Quest for Stuff
14%
TV Show2008Review with Myles Barlow
14%
TV Show2009Talkin' 'Bout Your Generation
14%

Score Distribution

Percentile by Number Answered

Percent of People with Each Score

Your Score History

You have not taken this quiz since the last reset